Stresová odpoveď vláknitých húb na antifungálne aktívne azoly

Guardado en:
Detalles Bibliográficos
Autor principal: Pastierík, Richard (Autor)
Otros Autores: Olejníková, Petra (Orientador)
Formato: Manuscrito Libro
Lenguaje:eslovaco
Publicado: 2021
Materias:
Acceso en línea:http://is.stuba.sk/zp/portal_zp.pl?podrobnosti=160378
Etiquetas: Agregar Etiqueta
Sin Etiquetas, Sea el primero en etiquetar este registro!

MARC

LEADER 00000ntm a22000003a 4500
001 stuzp84317
003 SK-STU
005 20210605210602.3
007 ta
008 150427s2015----xo-----f-mn---000-0-slo-d
040 |a STU  |b slo 
041 0 |a slo 
100 1 |a Pastierík, Richard  |u 043000  |4 aut  |U FCHPT Fakulta chemickej a potravinárskej technológie  |T FCHPT Ústav biochémie a mikrobiológie  |X 106433  |U C3000  |Y 101  |7 106433 
242 0 1 |a Stress Response of Fungal Cells on Antifungal active Azols  |y eng 
245 1 0 |a Stresová odpoveď vláknitých húb na antifungálne aktívne azoly 
260 |c 2021 
650 4 |a transkripčné faktory  |2 slo 
650 4 |a biosyntéza ergosterolu  |2 slo 
650 4 |a ACU15  |2 slo 
650 4 |a Neurospora crassa  |2 slo 
650 4 |a CCG8  |2 slo 
650 4 |a antifungálne azoly  |2 slo 
650 4 |a ABC transportéry  |2 slo 
650 4 |a CCG8  |2 eng 
650 4 |a ACU15  |2 eng 
650 4 |a antifungal azoles  |2 eng 
650 4 |a ABC transporters  |2 eng 
650 4 |a Neurospora crassa  |2 eng 
650 4 |a transcription factors  |2 eng 
650 4 |a ergosterol biosynthesis  |2 eng 
700 1 |a Olejníková, Petra  |u 043000  |k Z1  |4 ths  |U FCHPT Fakulta chemickej a potravinárskej technológie  |T FCHPT Ústav biochémie a mikrobiológie  |X 3976  |U C3000  |Y 101  |7 A000003976 
856 4 |u http://is.stuba.sk/zp/portal_zp.pl?podrobnosti=160378